000 00616nam a2200241Ia 4500
003 OSt
005 20220918222539.0
006 a|||||r|||| 00| 0
007 ta
008 220917b |||||||| |||| 00| 0 eng d
024 _a217,250
037 _cTextual
040 _aARTS
_cARTS
_beng
041 _2eng
_aeng
082 _aV247.N47, P2
100 _aAkbar M. J.
_9102721
245 0 _aKashmir behind the valley
260 _aNew Delhi
_bRoli books
_c2002
300 _axvi, 232 p
_ccm.
650 _aHISTORY
942 _hV247.N47, P2
_cTEXL
_2CC
999 _c275840
_d275840